guess the footballer level medium - Statistics

General Stats
  • This quiz has been taken 31 times
  • The average score is 14 of 16
Answer Stats
Picture Answer % Correct
alexis mac allister
97%
eduardo camavinga
97%
kingsley coman
93%
raphael varane
93%
david raya
90%
xavi simons
90%
josko gvardiol
87%
pablo gavi
87%
federico valverde
83%
marquinhos
83%
vitinha
83%
desire doue
80%
eberchi eze
80%
fabian ruiz
80%
bryan mbeumo
77%
nuno mendes
70%
No matching quizzes found
Score Distribution
Percent of People with Each Score
Percentile by Number Answered
Your Score History
You have not taken this quiz